| 000 | 01105nam a2200241 a 4500 | ||
|---|---|---|---|
| 001 | 000030271 | ||
| 005 | 20200930060204.0 | ||
| 008 | 090701s2017 dr c 000 0 spa d | ||
| 040 |
_aDO-SdBNP _bspa _cBNPHU |
||
| 082 |
_a021.7 _bF356v, 2017 |
||
| 111 | 2 |
_aFeria Internacional del Libro _n(20ª : _d2017 : 20 de abril al 1 de mayo _cSanto Domingo, República Dominicana) _956946 |
|
| 245 | 1 | 0 |
_a20a Feria Internacional del Libro Santo Domingo 2005 : _bprograma. |
| 246 | 3 | 0 | _aveinteava Feria Internacional del Libro Santo Domingo 2017 |
| 260 |
_aSanto Domingo : _bDirección General de la Feria del Libro, _c2017. |
||
| 300 |
_a46 p. : _bretr. ; _c32 cm. |
||
| 500 | _aPaís invitado de honor: Paraguay, dedicada a René del Risco Bermúdez | ||
| 500 | _a¡Hay un libro para cada quien! | ||
| 590 | _aInventariado,2019/VM | ||
| 611 | 2 | 4 |
_aFERIA INTERNACIONAL DEL LIBRO _n(20ª : _d2017 : _cSANTO DOMINGO, REPÚBLICA DOMINICANA) _xPROGRAMAS _956947 |
| 650 | 4 |
_aFeria del libro _xProgramas _y2017 _956948 |
|
| 650 | 4 |
_aFeria del libro _zRepública Dominicana _956949 |
|
| 910 | _aValidado. Control de caliad. MFF | ||
| 999 |
_c29763 _d29763 |
||